| 000 | 00835 a2200277 4500 | ||
|---|---|---|---|
| 020 | _a1-58053-263-2 (inb.) | ||
| 035 | _a(DLC) 2002074415 | ||
| 040 |
_aDLC _bDLC |
||
| 082 | 0 | 0 | _a004 |
| 100 | 1 | _aZuidweg, Han | |
| 245 | 1 | 0 |
_aNext generation intelligent networks _cJohan Zuidweg |
| 260 |
_aBoston, Mass. : _bArtech House, _c2002 |
||
| 300 |
_axvi, 346 s. : _bill. |
||
| 440 | 0 | _aArtech House telecommunications library, | |
| 650 | 0 | _aTelecommunication systems | |
| 650 | 0 | _aComputer networks | |
| 650 | 0 | _aArtificial intelligence | |
| 650 | 0 | _aValue-added networks (Computer networks) | |
| 650 | 0 | _aTelekommunikation | |
| 650 | 0 | _aDatanä´¢ size= | |
| 650 | 0 | _aArtificiell intelligens | |
| 650 | 0 | _aComputer networks | |
| 650 | 0 | _aTelecommunication | |
| 650 | 0 | _aArtificial intelligence | |
| 942 |
_cBK _k004 ZUI _2ddc |
||
| 999 |
_c5565 _d5565 |
||